000 00501cab a22001935a 4500
001 L157947
008 130731e2013 xxk 000 0 eng d
035 _a(Sirsi) u157947
041 0 _aeng
100 1 _aBranson, Adam
245 0 4 _aThe other europe
260 _c2013
490 _aBuilding
_v(278) 28 June 2013, 34-37(4)
520 _aExplores the construction market in the former Eastern block.
590 _aKA
650 2 4 _aCONSTRUCTION, EUROPE
651 4 _aInternational
942 _n0
999 _c84500
_d84500